000 00694nam a2200289Ia 4500
005 20260324144509.0
008 008 260324s9999 xx 000 0 eng d
020 _a9780429306785
037 _aEBOOK
040 _aCRL
040 _beng
040 _cCRL
041 _2eng
041 _aeng
084 _qCRL
100 _aRobert O. Tilman
_91219541
245 0 _aSoutheast Asia And The Enemy Beyond
245 0 _bAsean Perceptions Of External Threats
260 _bTaylor and Francis
260 _c1987
365 _a
365 _b230
856 _uhttp://www.taylorfrancis.com/books/9780429306785
942 _cEBOOK
999 _c1826228
_d1826228